[Event "Chigorin Memorial 27th"]
[Site "St Petersburg"]
[Date "2019.10.11"]
[Round "7"]
[White "Leonova, Ameliya"]
[Black "Khadzhiev, Valery"]
[Result "1/2-1/2"]
[WhiteElo "1748"]
[BlackElo "2056"]
[PlyCount "48"]
[EventDate "2019.10.05"]
[EventType "swiss"]
[EventRounds "9"]
[EventCountry "RUS"]
[SourceTitle "EXT 2021"]
[Source "ChessBase"]
[SourceDate "2020.10.23"]
[SourceVersion "1"]
[SourceVersionDate "2020.10.23"]
[SourceQuality "1"]

1. e4 e6 2. d4 d5 3. Nc3 Bb4 4. e5 b6 5. Qg4 Bf8 6. Nf3 Ba6 7. Bg5 Qd7 8. Bxa6 Nxa6 9. 0-0 h6 10. Be3 Ne7 11. Rac1 Nf5 12. Ne2 g6 13. a3 Bg7 14. h4 c5 15. c4 dxc4 16. dxc5 Nxe3 17. fxe3 Qd3 18. Qxc4 Qxc4 19. Rxc4 Nxc5 20. b4 Nd3 21. Rd1 Nxe5 22. Rc7 0-0 23. Rb7 Nc4 24. Rdd7 a5 1/2-1/2

[Event "St Petersburg Korchnoi Memorial op"]
[Site "St Petersburg"]
[Date "2019.08.16"]
[Round "3"]
[White "Lapin, Artem"]
[Black "Khadzhiev, Valery"]
[Result "0-1"]
[WhiteElo "1675"]
[BlackElo "2071"]
[PlyCount "78"]
[EventDate "2019.08.14"]
[EventType "swiss"]
[EventRounds "9"]
[EventCountry "RUS"]
[SourceTitle "CBM 192"]
[Source "ChessBase"]
[SourceDate "2019.10.31"]
[SourceVersion "1"]
[SourceVersionDate "2019.10.31"]
[SourceQuality "1"]

1. e4 e6 2. d4 d5 3. exd5 exd5 4. Bd3 Nf6 5. Ne2 h6 6. 0-0 Bd6 7. c4 c6 8. Nbc3 dxc4 9. Bxc4 0-0 10. h3 Nbd7 11. Be3 Nb6 12. Bb3 Bf5 13. Qd2 Bc7 14. Rfd1 Nbd5 15. Nxd5 Nxd5 16. Nc3 Qd6 17. g3 Nxc3 18. bxc3 Bxh3 19. Bf4 Qd7 20. Re1 Bg4 21. Rac1 Rfe8 22. Bxc7 Qxc7 23. Qf4 Qxf4 24. gxf4 Be6 25. Kg2 g6 26. Kg3 Kg7 27. Re3 Bxb3 28. axb3 Kf6 29. Rce1 Re6 30. Ra1 a6 31. b4 Rd8 32. Ra5 Rd5 33. Ra2 Rh5 34. Kg2 Rh4 35. Kg3 Rh1 36. Rae2 Rc1 37. Kf3 h5 38. Kg3 Rxc3 39. Rxc3 Rxe2 0-1

[Event "Chigorin Memorial 26th"]
[Site "St Petersburg"]
[Date "2018.11.01"]
[Round "6"]
[White "Khadzhiev, Valery"]
[Black "Yashmetov, Mikhail"]
[Result "0-1"]
[WhiteElo "2087"]
[BlackElo "2394"]
[PlyCount "78"]
[EventDate "2018.10.27"]
[EventType "swiss"]
[EventRounds "9"]
[EventCountry "RUS"]
[SourceTitle "CBM 187 Extra"]
[Source "ChessBase"]
[SourceDate "2018.11.04"]
[SourceVersion "1"]
[SourceVersionDate "2018.11.04"]
[SourceQuality "1"]

1. d4 g6 2. c4 Nf6 3. Nc3 d5 4. e3 Bg7 5. Nf3 0-0 6. cxd5 Nxd5 7. Bc4 Nb6 8. Bb3 c5 9. 0-0 cxd4 10. Nxd4 Na6 11. a3 Nc5 12. Ba2 a5 13. Qe2 e5 14. Ndb5 e4 15. Rd1 Qg5 16. Rd6 Bg4 17. Qf1 Nbd7 18. Rd5 Qe7 19. Rd2 Ne5 20. Nd4 Ned3 21. Rc2 a4 22. Rb1 Rfd8 23. h3 Bc8 24. b4 axb3 25. Nxb3 Nxb3 26. Bxb3 Bxc3 27. Rxc3 Ra5 28. Bc2 Bxh3 29. gxh3 Rg5+ 30. Kh1 Qf6 31. Bxd3 Qxc3 32. Bxe4 Qe5 33. Bg2 Rxg2 34. Kxg2 Qe4+ 35. Kh2 Qxb1 36. Qc4 Qd3 37. Qh4 Qd6+ 38. Kg2 Qc6+ 39. Kh2 Rd1 0-1

[Event "St Petersburg Korchnoi Memorial op"]
[Site "St Petersburg"]
[Date "2018.08.22"]
[Round "8"]
[White "Khadzhiev, Valery"]
[Black "Duzhakov, Ilya"]
[Result "0-1"]
[WhiteElo "2108"]
[BlackElo "2441"]
[PlyCount "102"]
[EventDate "2018.08.15"]
[EventType "swiss"]
[EventRounds "9"]
[EventCountry "RUS"]
[SourceTitle "CBM 186 Extra"]
[Source "ChessBase"]
[SourceDate "2018.08.24"]
[SourceVersion "1"]
[SourceVersionDate "2018.08.24"]
[SourceQuality "1"]

1. d4 Nf6 2. Bf4 g6 3. e3 Bg7 4. Bd3 0-0 5. h3 d6 6. Nf3 c5 7. c3 Nc6 8. 0-0 Re8 9. Bh2 a6 10. Bc2 cxd4 11. exd4 b5 12. Re1 Bb7 13. Nbd2 Rc8 14. Ne4 Nxe4 15. Bxe4 Qb6 16. a3 Na5 17. Bxb7 Qxb7 18. Re2 Nc4 19. Qb3 Qc6 20. Rae1 e6 21. Bf4 Re7 22. Nd2 Nxd2 23. Rxd2 d5 24. h4 a5 25. h5 Rb7 26. Rd3 Qc4 27. Qd1 b4 28. axb4 axb4 29. Rh3 Qa2 30. Qd2 bxc3 31. Rxc3 Rf8 32. Bd6 Rxb2 33. Qg5 Rb1 34. Rcc1 Rxc1 35. Rxc1 Ra8 36. Be5 h6 37. Qg3 Qb2 38. Rc7 Qb1+ 39. Kh2 Qf5 40. hxg6 Qh5+ 41. Qh3 Bxe5+ 42. dxe5 Qxe5+ 43. Qg3 Qxg3+ 44. Kxg3 fxg6 45. Re7 Ra6 46. Kf4 Ra2 47. Kf3 Ra6 48. Kf4 Kf8 49. Rh7 Ra2 50. Rxh6 Rxf2+ 51. Kg3 Kg7 0-1

[Event "St Petersburg Korchnoi Memorial op"]
[Site "St Petersburg"]
[Date "2018.08.18"]
[Round "4"]
[White "Nesterov, Arseniy"]
[Black "Khadzhiev, Valery"]
[Result "1-0"]
[WhiteElo "2355"]
[BlackElo "2108"]
[PlyCount "81"]
[EventDate "2018.08.15"]
[EventType "swiss"]
[EventRounds "9"]
[EventCountry "RUS"]
[SourceTitle "CBM 186 Extra"]
[Source "ChessBase"]
[SourceDate "2018.08.24"]
[SourceVersion "1"]
[SourceVersionDate "2018.08.24"]
[SourceQuality "1"]

1. d4 d5 2. c4 e6 3. Nc3 Nf6 4. cxd5 exd5 5. Bg5 c6 6. e3 Bf5 7. Qf3 Qd7 8. Bxf6 gxf6 9. h3 Qe6 10. Nge2 Be4 11. Nxe4 dxe4 12. Qh5 Bb4+ 13. Nc3 f5 14. g4 fxg4 15. hxg4 Nd7 16. Bh3 Bxc3+ 17. bxc3 Qc4 18. Rc1 0-0-0 19. g5 Kb8 20. Bxd7 Rxd7 21. g6 Qe6 22. Qxh7 Rxh7 23. gxh7 Rd8 24. h8Q Rxh8 25. Rxh8+ Kc7 26. c4 Qf6 27. Re8 Qh4 28. Re5 Qh1+ 29. Kd2 Qf3 30. Rf1 Kd7 31. Ke1 Qg2 32. Rf5 Ke6 33. Rf4 b5 34. cxb5 cxb5 35. Ke2 Qg6 36. Kd2 Kd6 37. Rc1 Qe6 38. Rc2 a5 39. f3 exf3 40. e4 Qg6 41. Rf6+ 1-0

[Event "St Petersburg Korchnoi Memorial op"]
[Site "St Petersburg"]
[Date "2018.08.17"]
[Round "3"]
[White "Khadzhiev, Valery"]
[Black "Schekachikhin, Maksim"]
[Result "1/2-1/2"]
[WhiteElo "2108"]
[BlackElo "2392"]
[PlyCount "147"]
[EventDate "2018.08.15"]
[EventType "swiss"]
[EventRounds "9"]
[EventCountry "RUS"]
[SourceTitle "CBM 186 Extra"]
[Source "ChessBase"]
[SourceDate "2018.08.24"]
[SourceVersion "1"]
[SourceVersionDate "2018.08.24"]
[SourceQuality "1"]

1. d4 d5 2. Bf4 Nf6 3. e3 e6 4. Nd2 Bd6 5. Bxd6 Qxd6 6. c3 0-0 7. f4 c5 8. g3 b6 9. Bd3 Ba6 10. Qe2 Bxd3 11. Qxd3 Nc6 12. Ngf3 b5 13. Ne5 Rab8 14. a3 a5 15. 0-0 Qc7 16. dxc5 Nxe5 17. fxe5 Nd7 18. b4 Nxe5 19. Qe2 f5 20. Nf3 Nxf3+ 21. Rxf3 Qe5 22. Qd3 Ra8 23. Rff1 Ra7 24. Qd4 Qc7 25. Qf4 Rfa8 26. Rae1 axb4 27. axb4 Qd7 28. Qe5 h6 29. Rf2 Kh7 30. Ref1 Ra1 31. Rxa1 Rxa1+ 32. Rf1 Ra6 33. Rd1 Qf7 34. Rd2 Qh5 35. Kg2 Qg4 36. Qf4 Qg6 37. Qd4 Qe8 38. h4 Ra3 39. Rf2 Qc6 40. Kh2 h5 41. Rg2 Ra6 42. Qd1 Qe8 43. Qd4 Qg6 44. Qd1 Ra3 45. Qc1 Ra6 46. Qf1 Qe8 47. Qd1 Kg8 48. Qe2 Ra3 49. Qd3 Qc6 50. Qd4 Qa6 51. Qd1 Rxc3 52. Qxh5 Qc6 53. Qg5 Rc4 54. Ra2 Rg4 55. Qd8+ Kh7 56. Qd6 Qe8 57. c6 Rc4 58. c7 Qc6 59. Qxc6 Rxc6 60. Ra7 Kg6 61. Kg2 Kf6 62. Kf3 Ke5 63. c8Q Rxc8 64. Rxg7 Rc3 65. Rd7 Kf6 66. Rb7 d4 67. Rxb5 Rxe3+ 68. Kf2 Rb3 69. Rb6 Kf7 70. Rb7+ Kg6 71. Rb6 Kf7 72. Rb7+ Kg6 73. Rb6 Kf7 74. Rb7+ 1/2-1/2

[Event "Chigorin Memorial 25th"]
[Site "St Petersburg"]
[Date "2017.10.29"]
[Round "9"]
[White "Shubin, Kirill"]
[Black "Khadzhiev, Valery"]
[Result "1/2-1/2"]
[WhiteElo "2359"]
[BlackElo "2208"]
[PlyCount "80"]
[EventDate "2017.10.21"]
[EventType "swiss"]
[EventRounds "9"]
[EventCountry "RUS"]
[SourceTitle "CBM 181 Extra"]
[Source "ChessBase"]
[SourceDate "2017.12.12"]
[SourceVersion "1"]
[SourceVersionDate "2017.12.12"]
[SourceQuality "1"]

1. e4 c6 2. d4 d5 3. exd5 cxd5 4. Bd3 Nf6 5. c3 e6 6. Bf4 Bd6 7. Bxd6 Qxd6 8. Qc2 0-0 9. Nf3 b6 10. 0-0 Ba6 11. Bxa6 Nxa6 12. Nbd2 Nb8 13. Rae1 b5 14. Ne5 Nfd7 15. f4 f6 16. Nxd7 Nxd7 17. Rf3 Rfe8 18. Ref1 f5 19. Re3 Nf6 20. g3 Ne4 21. Nf3 Rec8 22. Qe2 Rab8 23. Ne5 b4 24. Qh5 Qe7 25. g4 bxc3 26. bxc3 g6 27. Qh3 Rb2 28. gxf5 exf5 29. c4 Rd2 30. Rb1 Rxd4 31. cxd5 Rb4 32. Rbe1 Qc5 33. Nd3 Qc2 34. Nxb4 Qf2+ 35. Kh1 Rc3 36. Nc2 Rxc2 37. Rxe4 fxe4 38. Qe6+ Kg7 39. Qe5+ Kh6 40. Qg5+ Kg7 1/2-1/2

[Event "Chigorin Memorial 25th"]
[Site "St Petersburg"]
[Date "2017.10.27"]
[Round "7"]
[White "Belenkaya, Dina"]
[Black "Khadzhiev, Valery"]
[Result "1-0"]
[WhiteElo "2346"]
[BlackElo "2208"]
[PlyCount "79"]
[EventDate "2017.10.21"]
[EventType "swiss"]
[EventRounds "9"]
[EventCountry "RUS"]
[SourceTitle "CBM 181 Extra"]
[Source "ChessBase"]
[SourceDate "2017.12.12"]
[SourceVersion "1"]
[SourceVersionDate "2017.12.12"]
[SourceQuality "1"]

1. e4 c6 2. d4 d5 3. Nc3 e6 4. Nf3 Bb4 5. Bd3 dxe4 6. Bxe4 Nf6 7. Bd3 Nd5 8. Bd2 Nxc3 9. bxc3 Be7 10. 0-0 Nd7 11. Qe2 0-0 12. c4 Re8 13. Qe4 g6 14. c3 Bf6 15. Rfe1 Bg7 16. Qf4 f6 17. c5 Nxc5 18. Bc4 Na4 19. Qg4 Qd6 20. h4 Nb6 21. Bb3 f5 22. Qh3 Nd5 23. h5 gxh5 24. Qxh5 Qf8 25. Ne5 a5 26. a4 Nc7 27. Re3 Re7 28. Rh3 Bxe5 29. dxe5 Qe8 30. Rg3+ Kh8 31. Qh6 Rf7 32. Bg5 Qf8 33. Qxf8+ Rxf8 34. Bf6+ Rxf6 35. exf6 Bd7 36. Rg7 Rd8 37. Rd1 Nd5 38. Bxd5 cxd5 39. Rd3 Be8 40. Rh3 1-0

[Event "Chigorin Memorial 25th"]
[Site "St Petersburg"]
[Date "2017.10.24"]
[Round "4"]
[White "Khadzhiev, Valery"]
[Black "Gogolev, Artem"]
[Result "0-1"]
[WhiteElo "2208"]
[BlackElo "2427"]
[PlyCount "74"]
[EventDate "2017.10.21"]
[EventType "swiss"]
[EventRounds "9"]
[EventCountry "RUS"]
[SourceTitle "CBM 181 Extra"]
[Source "ChessBase"]
[SourceDate "2017.12.12"]
[SourceVersion "1"]
[SourceVersionDate "2017.12.12"]
[SourceQuality "1"]

1. d4 Nf6 2. Nf3 g6 3. e3 Bg7 4. Be2 0-0 5. 0-0 c5 6. Nbd2 d5 7. Nb3 Nbd7 8. Ne5 c4 9. Nxd7 Bxd7 10. Nd2 b5 11. c3 Qc7 12. f4 a5 13. Bf3 b4 14. e4 dxe4 15. Nxe4 Nxe4 16. Bxe4 Bc6 17. Bxc6 Qxc6 18. f5 a4 19. a3 bxc3 20. bxc3 Rab8 21. Ra2 Rb3 22. Qe1 Qd6 23. Kh1 gxf5 24. Rxf5 Qe6 25. Qf1 Rxc3 26. Raf2 Rb8 27. Bd2 Rc2 28. Rxf7 Rxd2 29. Rxg7+ Kxg7 30. Rxd2 Qe4 31. h3 c3 32. Rd1 c2 33. Rc1 Rb1 34. Kh2 h6 35. d5 Rxc1 36. Qxc1 Kg6 37. h4 Qxh4+ 0-1

[Event "Chigorin Memorial 25th"]
[Site "St Petersburg"]
[Date "2017.10.23"]
[Round "3"]
[White "Andrijashkin, Deniss"]
[Black "Khadzhiev, Valery"]
[Result "0-1"]
[WhiteElo "1929"]
[BlackElo "2208"]
[PlyCount "70"]
[EventDate "2017.10.21"]
[EventType "swiss"]
[EventRounds "9"]
[EventCountry "RUS"]
[SourceTitle "CBM 181 Extra"]
[Source "ChessBase"]
[SourceDate "2017.12.12"]
[SourceVersion "1"]
[SourceVersionDate "2017.12.12"]
[SourceQuality "1"]

1. e4 e6 2. d3 d5 3. Nd2 Nf6 4. Ngf3 Be7 5. g3 0-0 6. Bg2 c5 7. 0-0 Nc6 8. Re1 dxe4 9. Nxe4 Nxe4 10. Rxe4 Bf6 11. Nd2 b6 12. Rg4 Bb7 13. Ne4 Be5 14. Rh4 g6 15. Qd2 Bg7 16. Ng5 h6 17. Nh3 g5 18. Rh5 f6 19. f4 Qe8 20. g4 Qd7 21. Nf2 Nd4 22. Ne4 Rad8 23. Qf2 f5 24. gxf5 exf5 25. Nc3 Bxg2 26. Qxg2 Qf7 27. Rh3 g4 28. Rg3 Rfe8 29. Re3 Re6 30. Nd1 Rde8 31. h3 h5 32. c3 Nf3+ 33. Kf2 Qd7 34. Ke2 Qa4 35. Kf1 Qxd1+ 0-1

[Event "St Petersburg Summer op"]
[Site "St Petersburg"]
[Date "2017.08.16"]
[Round "1"]
[White "Sudomir, Jean Denis"]
[Black "Khadzhiev, Valery"]
[Result "0-1"]
[WhiteElo "1730"]
[BlackElo "2179"]
[PlyCount "160"]
[EventDate "2017.08.16"]
[EventType "swiss"]
[EventRounds "9"]
[EventCountry "RUS"]
[SourceTitle "CBM 180 Extra"]
[Source "ChessBase"]
[SourceDate "2017.10.06"]
[SourceVersion "1"]
[SourceVersionDate "2017.10.06"]
[SourceQuality "1"]

1. g3 d5 2. c4 e6 3. Bg2 Nf6 4. d4 Be7 5. Nf3 0-0 6. 0-0 Nbd7 7. b3 Ne4 8. Bb2 c6 9. Nbd2 f5 10. e3 Nd6 11. Qc2 Nf6 12. a4 Bd7 13. a5 a6 14. Ne1 h5 15. h4 Nde4 16. Nd3 Ng4 17. Nxe4 fxe4 18. Nf4 Qe8 19. Qe2 Bd6 20. c5 Bc7 21. f3 exf3 22. Bxf3 e5 23. dxe5 Bxe5 24. Bxe5 Qxe5 25. Bxg4 Bxg4 26. Qd2 Rae8 27. Rae1 Rf7 28. Kh2 Qe4 29. Qc3 Rfe7 30. Kg1 Kh7 31. Kh2 Qe5 32. Qd3+ Bf5 33. Qe2 Bg4 34. Qd3+ Qe4 35. Qc3 Re5 36. Nd3 R5e7 37. Nf4 Rf7 38. Kg1 Ree7 39. Kh2 g6 40. Kg1 Bf5 41. Kh2 Qe5 42. Qd2 Qg7 43. Qe2 Bg4 44. Qd3 Re4 45. Kg1 Rfe7 46. Kh2 Qe5 47. Ng2 Bf5 48. Qd2 Qg7 49. Kg1 R4e5 50. Kh2 Qh8 51. Qe2 Qe8 52. Qd2 Qb8 53. Kg1 Bh3 54. Kh2 Bxg2 55. Kxg2 Re4 56. Qc3 Qe5 57. Qxe5 R4xe5 58. Rf3 Kg7 59. Kf2 d4 60. Re2 Rxc5 61. exd4 Rxe2+ 62. Kxe2 Rxa5 63. Kd3 Rf5 64. Re3 Kf7 65. Kc4 Rd5 66. Rf3+ Ke7 67. Re3+ Kd7 68. Rf3 b5+ 69. Kc3 Rf5 70. Re3 a5 71. Rd3 Kd6 72. Re3 g5 73. hxg5 Rxg5 74. Rd3 Kd5 75. Re3 Rf5 76. Rd3 Ke4 77. Rd1 Rf3+ 78. Kb2 Rxg3 79. Rh1 Rg2+ 80. Kc3 b4+ 0-1

[Event "Chigorin Memorial 24th"]
[Site "St Petersburg"]
[Date "2016.10.22"]
[Round "8"]
[White "Khadzhiev, Valery"]
[Black "Pershin, Denis"]
[Result "1-0"]
[WhiteElo "2170"]
[BlackElo "2345"]
[PlyCount "73"]
[EventDate "2016.10.15"]
[EventType "swiss"]
[EventRounds "9"]
[EventCountry "RUS"]
[SourceTitle "CBM 175 Extra"]
[Source "ChessBase"]
[SourceDate "2016.12.12"]
[SourceVersion "1"]
[SourceVersionDate "2016.12.12"]
[SourceQuality "1"]

1. d4 Nf6 2. Nf3 e6 3. e3 b6 4. Bd3 Bb7 5. Nbd2 d5 6. 0-0 Nbd7 7. Qe2 Ne4 8. Ba6 Bxa6 9. Qxa6 Nxd2 10. Bxd2 Bd6 11. c4 0-0 12. cxd5 exd5 13. Qb5 c5 14. dxc5 bxc5 15. Bc3 Qc7 16. Qd3 Nb6 17. Rfd1 Rfd8 18. Qf5 h6 19. Qg4 Bf8 20. Rac1 Qc8 21. Qg3 Qa6 22. Ne5 Qxa2 23. Qf3 f6 24. Ng4 Rd6 25. Qf5 Nd7 26. Rd2 Qb3 27. Rcd1 Rd8 28. g3 Nb6 29. Qg6 Nc4 30. Nxh6+ Kh8 31. Nf7+ Kg8 32. Rd3 Qc2 33. Nxd8 Rxd8 34. Qg4 Nxb2 35. Qe6+ Kh8 36. Bxb2 Qxb2 37. Rxd5 1-0